000 00367 a2200145 4500
001 168181
020 _a
040 _cMagnum
100 _aButelman, Ida (Org)
240 1 0 _aPensando as instituicoes: teorias e praticas em educacao
_lpor
245 1 0 _aPensando as instituicoes: teorias e praticas em educacao
362 0 _a1899
697 _aENSINO
942 _cBK
999 _c168181
_d168181